[Event "BI-2012-F-00006"]
[Site "LSS email"]
[Date "2013.02.15"]
[Round "?"]
[White "Bulgarini Torre, Marco"]
[Black "Aalderink, Gerwin"]
[Result "1/2-1/2"]
[WhiteElo "2069"]
[BlackElo "1957"]
[PlyCount "71"]
[EventDate "2013.02.20"]
[EventType "tourn (corr)"]
[EventRounds "10"]
[EventCountry "GER"]
[SourceTitle "Telechess CBM 167"]
[Source "ChessBase"]
[SourceDate "2015.07.13"]
[SourceVersion "1"]
[SourceVersionDate "2015.07.13"]
[SourceQuality "1"]

1. e4 c6 2. d4 d5 3. e5 Bf5 4. Nf3 e6 5. Be2 Nd7 6. 0-0 h6 7. b3 Ne7 8. c4 Ng6 9. h3 h5 10. Na3 Nh4 11. cxd5 Nxf3+ 12. Bxf3 cxd5 13. Nb5 Nb8 14. Re1 Nc6 15. Bf4 Qb6 16. Nd6+ Bxd6 17. exd6 Qxd4 18. Qxd4 Nxd4 19. Bxd5 Nc6 20. Rac1 Kd7 21. Bxc6+ bxc6 22. Rc5 Rhe8 23. f3 a5 24. Rec1 Ra6 25. Bd2 Rea8 26. Be3 Rb8 27. R5c4 a4 28. b4 e5 29. Bc5 Be6 30. R4c2 h4 31. Kf2 a3 32. Re1 f6 33. Rec1 Raa8 34. Rd2 Bd5 35. Rc3 Ra4 36. Re2 1/2-1/2

[Event "SA-2012-0-00302"]
[Site "LSS email"]
[Date "2012.09.29"]
[Round "?"]
[White "Aalderink, Gerwin"]
[Black "Morcin, Tom"]
[Result "1/2-1/2"]
[WhiteElo "1955"]
[BlackElo "2115"]
[PlyCount "56"]
[EventDate "2012.09.16"]
[EventType "tourn (corr)"]
[EventRounds "6"]
[EventCountry "GER"]
[SourceTitle "Telechess CBM 161"]
[Source "ChessBase"]
[SourceDate "2014.07.16"]
[SourceVersion "1"]
[SourceVersionDate "2014.07.16"]
[SourceQuality "1"]

1. Nf3 Nf6 2. d4 d5 3. c4 e6 4. Nc3 Be7 5. cxd5 exd5 6. Bf4 0-0 7. e3 Bf5 8. h3 c6 9. Bd3 Bxd3 10. Qxd3 Re8 11. 0-0 Nbd7 12. Rfc1 Nb6 13. Nd2 h6 14. a3 a5 15. Re1 Bd6 16. Bxd6 Qxd6 17. Qc2 Qc7 18. Rac1 Qe7 19. Rcd1 Qc7 20. Rb1 Nc8 21. Nf3 Nd6 22. Ne5 Qe7 23. Rbc1 Nfe4 24. a4 Qg5 25. Nxe4 Nxe4 26. Rb1 Rac8 27. Rbc1 Rc7 28. Nd3 Nd6 1/2-1/2

[Event "SA-2012-0-00302"]
[Site "LSS email"]
[Date "2012.09.28"]
[Round "?"]
[White "Dehaybe, Andre"]
[Black "Aalderink, Gerwin"]
[Result "1-0"]
[WhiteElo "2160"]
[BlackElo "1955"]
[PlyCount "105"]
[EventDate "2012.09.16"]
[EventType "tourn (corr)"]
[EventRounds "6"]
[EventCountry "GER"]
[SourceTitle "Telechess CBM 161"]
[Source "ChessBase"]
[SourceDate "2014.07.16"]
[SourceVersion "1"]
[SourceVersionDate "2014.07.16"]
[SourceQuality "1"]

1. Nf3 f5 2. g3 Nf6 3. Bg2 g6 4. d4 Bg7 5. 0-0 0-0 6. b3 d6 7. Bb2 c6 8. Nbd2 Na6 9. c4 Kh8 10. a3 Nc7 11. Qc2 Bd7 12. e3 Ne6 13. Rac1 b5 14. cxb5 cxb5 15. e4 Rc8 16. Qd3 Nc7 17. e5 Nfd5 18. Rfe1 Be6 19. Ng5 Bg8 20. Ndf3 b4 21. Bf1 h6 22. Nh4 Qe8 23. Ngf3 Be6 24. Nd2 g5 25. Nhf3 Qd7 26. h3 bxa3 27. Bxa3 Rb8 28. Qc2 Kg8 29. Qc6 Rfd8 30. Qa4 g4 31. hxg4 fxg4 32. Nh4 dxe5 33. dxe5 Qxa4 34. bxa4 Rd7 35. Ne4 Rb3 36. Bc5 Rb7 37. a5 Bxe5 38. Bc4 Kf7 39. a6 Rb2 40. Ba3 Rb6 41. Nc5 Bd6 42. Nxe6 Nxe6 43. Bxd6 Rbxd6 44. Nf5 Rb6 45. Nxh6+ Kf8 46. Nxg4 Nec7 47. Ne5 Rd8 48. Kg2 Kg7 49. Re4 Nf6 50. Rf4 Nce8 51. Rf5 e6 52. Rg5+ Kf8 53. Rc3 1-0

[Event "SA-2012-0-00302"]
[Site "LSS email"]
[Date "2012.09.26"]
[Round "?"]
[White "Jarabinsky, Martin"]
[Black "Aalderink, Gerwin"]
[Result "1-0"]
[WhiteElo "2164"]
[BlackElo "1955"]
[PlyCount "75"]
[EventDate "2012.09.16"]
[EventType "tourn (corr)"]
[EventRounds "6"]
[EventCountry "GER"]
[SourceTitle "Telechess CBM 161"]
[Source "ChessBase"]
[SourceDate "2014.07.16"]
[SourceVersion "1"]
[SourceVersionDate "2014.07.16"]
[SourceQuality "1"]

1. e4 c6 2. d4 d5 3. e5 Bf5 4. Nf3 e6 5. Be2 Nd7 6. 0-0 h6 7. a4 Ne7 8. a5 a6 9. b4 Qc7 10. Nc3 0-0-0 11. Na4 g5 12. Nc5 Bg7 13. Re1 Nxc5 14. bxc5 Ng6 15. Bd3 Rhe8 16. h3 f6 17. exf6 Bxf6 18. Ra3 Qg7 19. Rb3 Nf4 20. Bxa6 bxa6 21. Bxf4 gxf4 22. Qe2 Rd7 23. Qxa6+ Kd8 24. Qxc6 Ke7 25. Reb1 Kf8 26. Rb8 Bxh3 27. Rxe8+ Kxe8 28. Ne1 Bxd4 29. Rb7 Kd8 30. a6 Rxb7 31. axb7 Be5 32. Qc8+ Ke7 33. b8Q Bxb8 34. Qb7+ Kf6 35. Qxb8 Bf5 36. Nf3 Qe7 37. Qe5+ Kf7 38. c6 1-0

[Event "SA-2012-0-00256"]
[Site "LSS email"]
[Date "2012.04.09"]
[Round "?"]
[White "Aalderink, Gerwin"]
[Black "Van Bommel, Ton"]
[Result "1/2-1/2"]
[WhiteElo "2003"]
[BlackElo "2088"]
[PlyCount "77"]
[EventDate "2012.03.18"]
[EventType "tourn (corr)"]
[EventRounds "6"]
[EventCountry "GER"]
[SourceTitle "Telechess CBM 159"]
[Source "ChessBase"]
[SourceDate "2014.03.17"]
[SourceVersion "1"]
[SourceVersionDate "2014.03.17"]
[SourceQuality "1"]

1. Nf3 Nf6 2. d4 g6 3. c4 c5 4. d5 Ne4 5. Qc2 Qa5+ 6. Nfd2 f5 7. f3 Nd6 8. Nc3 Bg7 9. Nb3 Qb6 10. e3 0-0 11. a3 Qc7 12. Bd3 a6 13. 0-0 b5 14. Be2 Bb7 15. cxb5 Rc8 16. b6 Qxb6 17. Na4 Qa7 18. Nbxc5 Bxd5 19. Bd2 Nb7 20. Qd3 Nxc5 21. Qxd5+ e6 22. Qc4 d5 23. Qc2 Nbd7 24. Rac1 Nxa4 25. Qxa4 Bxb2 26. Rxc8+ Rxc8 27. Rb1 Nc5 28. Qc2 Be5 29. g3 Rc6 30. Kg2 Bg7 31. Ba5 Bh6 32. Qc3 Bf8 33. Rc1 Bg7 34. Qc2 Bh6 35. Qc3 Qb7 36. Bb4 Bf8 37. f4 Bd6 38. Qf6 Be7 39. Qc3 1/2-1/2

[Event "SA-2012-0-00256"]
[Site "LSS email"]
[Date "2012.04.09"]
[Round "?"]
[White "Sorcinelli, Andrea"]
[Black "Aalderink, Gerwin"]
[Result "1/2-1/2"]
[WhiteElo "1752"]
[BlackElo "2003"]
[PlyCount "41"]
[EventDate "2012.03.18"]
[EventType "tourn (corr)"]
[EventRounds "6"]
[EventCountry "GER"]
[SourceTitle "Telechess CBM 159"]
[Source "ChessBase"]
[SourceDate "2014.03.17"]
[SourceVersion "1"]
[SourceVersionDate "2014.03.17"]
[SourceQuality "1"]

1. e4 c6 2. d4 d5 3. exd5 cxd5 4. c4 Nf6 5. Nc3 e6 6. Nf3 Bb4 7. cxd5 Nxd5 8. Qc2 Nc6 9. Be2 0-0 10. 0-0 Be7 11. a3 Bd7 12. Bd3 g6 13. Bh6 Re8 14. Qd2 Na5 15. Nxd5 exd5 16. Rae1 f6 17. Qf4 Nc4 18. Nh4 Bf8 19. Bxf8 Rxe1 20. Rxe1 Qxf8 21. Bxc4 1/2-1/2

[Event "SA-2012-0-00255"]
[Site "LSS email"]
[Date "2012.04.03"]
[Round "?"]
[White "Lund, Jens Dahlen"]
[Black "Aalderink, Gerwin"]
[Result "0-1"]
[WhiteElo "1825"]
[BlackElo "2003"]
[PlyCount "60"]
[EventDate "2012.03.12"]
[EventType "tourn (corr)"]
[EventRounds "6"]
[EventCountry "GER"]
[SourceTitle "Telechess CBM 159"]
[Source "ChessBase"]
[SourceDate "2014.03.17"]
[SourceVersion "1"]
[SourceVersionDate "2014.03.17"]
[SourceQuality "1"]

1. e4 c6 2. d4 d5 3. Nc3 dxe4 4. Nxe4 Nd7 5. Bc4 Ngf6 6. Ng5 e6 7. Qe2 Nb6 8. Bb3 h6 9. N5f3 a5 10. a3 a4 11. Ba2 c5 12. Be3 Nbd5 13. c3 Nxe3 14. fxe3 Qc7 15. Nd2 Be7 16. Ngf3 0-0 17. 0-0 b5 18. Bb1 Ba6 19. Ne5 Nd5 20. Ndf3 Bd6 21. Bd3 c4 22. Bc2 Ne7 23. e4 f6 24. Ng4 e5 25. Ne3 Rad8 26. Rad1 Bc8 27. g3 exd4 28. cxd4 Bh3 29. Rf2 Qa7 30. Nh4 Bb8 0-1

[Event "SA-2012-0-00255"]
[Site "LSS email"]
[Date "2012.04.02"]
[Round "?"]
[White "Morcin, Tom"]
[Black "Aalderink, Gerwin"]
[Result "1/2-1/2"]
[WhiteElo "2105"]
[BlackElo "2003"]
[PlyCount "95"]
[EventDate "2012.03.12"]
[EventType "tourn (corr)"]
[EventRounds "6"]
[EventCountry "GER"]
[SourceTitle "Telechess CBM 159"]
[Source "ChessBase"]
[SourceDate "2014.03.17"]
[SourceVersion "1"]
[SourceVersionDate "2014.03.17"]
[SourceQuality "1"]

1. e4 c6 2. d4 d5 3. Nc3 dxe4 4. Nxe4 Nd7 5. Nf3 Ngf6 6. Nxf6+ Nxf6 7. c3 Bg4 8. h3 Bxf3 9. Qxf3 e6 10. Bd3 Qd5 11. Qxd5 cxd5 12. Ke2 Bd6 13. Bd2 Ne4 14. Bxe4 dxe4 15. Ke3 f5 16. f3 exf3 17. Kxf3 e5 18. Bg5 Kd7 19. dxe5 Bxe5 20. Rad1+ Kc6 21. Rhe1 Rhe8 22. Re2 Re6 23. Bf4 Rae8 24. Rde1 Kd6 25. Rd2+ Kc6 26. Bxe5 Rxe5 27. Rxe5 Rxe5 28. Kf4 Ra5 29. b3 g6 30. a4 b5 31. Rd4 h6 32. h4 bxa4 33. Rxa4 Rxa4+ 34. bxa4 Kd5 35. h5 gxh5 36. Kxf5 Kc4 37. Kg6 h4 38. Kxh6 Kb3 39. Kh5 Kxa4 40. Kxh4 Kb5 41. g4 a5 42. g5 a4 43. g6 a3 44. g7 a2 45. g8Q a1Q 46. Qd5+ Kb6 47. Qd4+ Kc6 48. Qe4+ 1/2-1/2

[Event "ZH-2012-0-00739"]
[Site "LSS email"]
[Date "2012.04.01"]
[Round "?"]
[White "Aalderink, Gerwin"]
[Black "Gasanov, Engels G"]
[Result "1/2-1/2"]
[WhiteElo "2053"]
[BlackElo "2117"]
[PlyCount "48"]
[EventDate "2012.03.28"]
[EventType "match (corr)"]
[EventRounds "2"]
[EventCountry "GER"]
[SourceTitle "Telechess CBM 153"]
[Source "ChessBase"]
[SourceDate "2013.03.14"]
[SourceVersion "1"]
[SourceVersionDate "2013.03.14"]
[SourceQuality "1"]

1. Nf3 c5 2. c4 Nf6 3. Nc3 d5 4. cxd5 Nxd5 5. e4 Nb4 6. Bc4 Nd3+ 7. Ke2 Nf4+ 8. Kf1 Ne6 9. b4 g6 10. bxc5 Bg7 11. Ba3 Nc6 12. Rb1 0-0 13. Nd5 Ned4 14. Nxd4 Bxd4 15. Qc1 e6 16. Ne3 Qh4 17. f3 Rd8 18. g3 Qh3+ 19. Kf2 b6 20. Bb5 Bb7 21. Bb2 Rac8 22. Bxc6 Rxc6 23. Bxd4 Rxd4 24. Qb2 Rd3 1/2-1/2

[Event "ZH-2012-0-00739"]
[Site "LSS email"]
[Date "2012.04.01"]
[Round "?"]
[White "Gasanov, Engels G"]
[Black "Aalderink, Gerwin"]
[Result "1/2-1/2"]
[WhiteElo "2117"]
[BlackElo "2053"]
[PlyCount "93"]
[EventDate "2012.03.28"]
[EventType "match (corr)"]
[EventRounds "2"]
[EventCountry "GER"]
[SourceTitle "Telechess CBM 153"]
[Source "ChessBase"]
[SourceDate "2013.03.14"]
[SourceVersion "1"]
[SourceVersionDate "2013.03.14"]
[SourceQuality "1"]

1. e4 c6 2. d4 d5 3. e5 Bf5 4. Nf3 e6 5. Be2 c5 6. Be3 Nd7 7. 0-0 Ne7 8. Nh4 cxd4 9. Bxd4 g5 10. Nxf5 Nxf5 11. c3 Bg7 12. Bb5 0-0 13. Re1 Qc7 14. Qe2 a6 15. Bxd7 Qxd7 16. Nd2 Nxd4 17. cxd4 Rfc8 18. Nb3 b6 19. Qe3 h6 20. Re2 Rc4 21. Rf1 Rac8 22. f4 gxf4 23. Qxf4 Rc2 24. Re3 Rxb2 25. Rg3 Kh8 26. h3 Qe8 27. Qxf7 Qxf7 28. Rxf7 Bf8 29. Kh2 h5 30. Rf6 Re8 31. Nc1 Rd2 32. Rg5 Bg7 33. Rfg6 Re7 34. Rxh5+ Kg8 35. Rh4 a5 36. a4 Rc7 37. Rhg4 Re7 38. Rf6 Kh7 39. Rf3 Bh6 40. Nd3 Rg7 41. Rxg7+ Kxg7 42. Nf4 Bxf4+ 43. Rxf4 Ra2 44. Rf6 Rxa4 45. Rxe6 b5 46. Rb6 Rb4 47. Kg3 1/2-1/2

[Event "ZH-2012-0-00740"]
[Site "LSS email"]
[Date "2012.04.01"]
[Round "?"]
[White "Walczak, Tomasz"]
[Black "Aalderink, Gerwin"]
[Result "1-0"]
[WhiteElo "2112"]
[BlackElo "2073"]
[PlyCount "61"]
[EventDate "2012.03.30"]
[EventType "match (corr)"]
[EventRounds "2"]
[EventCountry "GER"]
[SourceTitle "Telechess CBM 155"]
[Source "ChessBase"]
[SourceDate "2013.07.16"]
[SourceVersion "1"]
[SourceVersionDate "2013.07.16"]
[SourceQuality "1"]

1. c4 e5 2. Nc3 f5 3. d4 exd4 4. Qxd4 Nf6 5. Qd3 Nc6 6. Nf3 Bc5 7. a3 Ng4 8. e3 d6 9. b4 Bb6 10. Nd5 Be6 11. Qc3 0-0 12. Bb2 Nf6 13. Nf4 Bd7 14. h4 Be8 15. Bd3 Qe7 16. Bxf5 Bd7 17. Bc2 Ne5 18. c5 Nxf3+ 19. gxf3 dxc5 20. Bb3+ Rf7 21. Rg1 c4 22. Bxc4 Kf8 23. h5 c6 24. h6 Bc7 25. 0-0-0 g6 26. Nxg6+ hxg6 27. Bxf7 Kxf7 28. Rxd7 Nxd7 29. Qg7+ Ke8 30. Qxg6+ Qf7 31. Qe4+ 1-0

[Event "ZH-2012-0-00737"]
[Site "LSS email"]
[Date "2012.03.31"]
[Round "?"]
[White "Aalderink, Gerwin"]
[Black "Ortiz, Manuel"]
[Result "1-0"]
[WhiteElo "2053"]
[BlackElo "2026"]
[PlyCount "55"]
[EventDate "2012.03.24"]
[EventType "match (corr)"]
[EventRounds "2"]
[EventCountry "GER"]
[SourceTitle "Telechess CBM 153"]
[Source "ChessBase"]
[SourceDate "2013.03.14"]
[SourceVersion "1"]
[SourceVersionDate "2013.03.14"]
[SourceQuality "1"]

1. Nf3 e6 2. d4 Nf6 3. c4 c5 4. d5 b5 5. Bg5 Qa5+ 6. Qd2 Qxd2+ 7. Nbxd2 bxc4 8. e4 exd5 9. Bxf6 gxf6 10. exd5 d6 11. Nh4 Nd7 12. Nxc4 Ne5 13. g3 Ng6 14. Ng2 Rb8 15. f4 Kd7 16. Nge3 Kc7 17. a3 a5 18. Bd3 h5 19. Nxa5 Rxb2 20. Nac4 Rb8 21. Kf2 Rb3 22. Bf5 Ba6 23. Rhb1 Rxb1 24. Rxb1 h4 25. Kf3 hxg3 26. hxg3 Rh2 27. Rb6 Bxc4 28. Rc6+ 1-0

[Event "WC-2016-P-00020"]
[Site "LSS email"]
[Date "2012.02.12"]
[Round "?"]
[White "Aalderink, Gerwin"]
[Black "Avellan, Gerardo"]
[Result "1/2-1/2"]
[WhiteElo "1955"]
[BlackElo "2077"]
[PlyCount "80"]
[EventDate "2012.02.15"]
[EventType "tourn (corr)"]
[EventRounds "12"]
[EventCountry "GER"]
[SourceTitle "Telechess CBM 163"]
[Source "ChessBase"]
[SourceDate "2014.11.11"]
[SourceVersion "2"]
[SourceVersionDate "2014.11.11"]
[SourceQuality "1"]

1. Nf3 c5 2. c4 Nc6 3. Nc3 Nf6 4. g3 e5 5. Bg2 d6 6. 0-0 Be7 7. d3 0-0 8. a3 Bg4 9. Rb1 a5 10. Re1 Qd7 11. Qa4 h6 12. Nd2 Be6 13. Nde4 Nxe4 14. dxe4 h5 15. h4 Nd4 16. Qxd7 Bxd7 17. b3 Ra6 18. Rb2 f6 19. Nd5 Kf7 20. Bd2 Bd8 21. e3 Nc6 22. Bf3 Rh8 23. Rd1 g5 24. b4 g4 25. Be2 axb4 26. axb4 Ra7 27. bxc5 dxc5 28. Rdb1 Bc8 29. Bc3 Ne7 30. Rb3 Nxd5 31. exd5 Ke7 32. Ra1 Rxa1+ 33. Bxa1 Ba5 34. Bc3 Bxc3 35. Rxc3 f5 36. Ra3 Rh6 37. f4 e4 38. Kf2 Rb6 39. Ra5 Kd6 40. Ra8 Kc7 1/2-1/2

[Event "BI-2011-F-00012"]
[Site "LSS email"]
[Date "2012.02.12"]
[Round "?"]
[White "Aalderink, Gerwin"]
[Black "Grabowski, Benedykt"]
[Result "1/2-1/2"]
[WhiteElo "1955"]
[BlackElo "1905"]
[PlyCount "48"]
[EventDate "2012.02.15"]
[EventType "tourn (corr)"]
[EventRounds "10"]
[EventCountry "GER"]
[SourceTitle "Telechess CBM 161"]
[Source "ChessBase"]
[SourceDate "2014.07.16"]
[SourceVersion "1"]
[SourceVersionDate "2014.07.16"]
[SourceQuality "1"]

1. Nf3 Nf6 2. d4 d5 3. c4 c6 4. Nc3 e6 5. Bg5 h6 6. Bxf6 Qxf6 7. e3 Nd7 8. Bd3 dxc4 9. Bxc4 g6 10. 0-0 Bg7 11. Qc2 0-0 12. Rad1 Qe7 13. Rfe1 a6 14. Be2 b6 15. Nd2 c5 16. d5 Bxc3 17. bxc3 exd5 18. e4 d4 19. cxd4 cxd4 20. Qc7 Re8 21. Nb3 b5 22. Qc1 Bb7 23. Rxd4 Kh7 24. a4 bxa4 1/2-1/2

[Event "BI-2011-F-00012"]
[Site "LSS email"]
[Date "2012.02.12"]
[Round "?"]
[White "Aalderink, Gerwin"]
[Black "Sherwood, Russell"]
[Result "1/2-1/2"]
[WhiteElo "1955"]
[BlackElo "2179"]
[PlyCount "87"]
[EventDate "2012.02.15"]
[EventType "tourn (corr)"]
[EventRounds "10"]
[EventCountry "GER"]
[SourceTitle "Telechess CBM 161"]
[Source "ChessBase"]
[SourceDate "2014.07.16"]
[SourceVersion "1"]
[SourceVersionDate "2014.07.16"]
[SourceQuality "1"]

1. Nf3 Nf6 2. d4 e6 3. c4 d5 4. Nc3 c6 5. e3 Nbd7 6. Qc2 Bd6 7. Bd3 0-0 8. 0-0 dxc4 9. Bxc4 a6 10. Rd1 b5 11. Be2 Qc7 12. e4 e5 13. g3 Re8 14. a3 h6 15. b4 exd4 16. Nxd4 Bb7 17. Be3 Bf8 18. Nd5 Nxd5 19. exd5 c5 20. a4 bxa4 21. Bf3 Ne5 22. Be4 Rad8 23. Nf5 c4 24. Bf4 Qd7 25. Bxe5 Rxe5 26. Ne3 c3 27. Bh7+ Kh8 28. Bf5 Qc7 29. Rxa4 Bxd5 30. Ra5 Rxe3 31. fxe3 Bb7 32. Rxd8 Qxd8 33. Qxc3 Qd1+ 34. Kf2 Qf3+ 35. Ke1 Qh1+ 36. Kd2 Qxh2+ 37. Kc1 Qxg3 38. Re5 Bc6 39. Be4 Qg1+ 40. Kc2 Bxe4+ 41. Rxe4 Qg6 42. Qd3 Kg8 43. Rf4 Qg2+ 44. Kb3 1/2-1/2